000 01105nam a2200301Ia 4500
001 Para_9646
003 CHAP
008 220125s2010 xx 000 0 und d
010 _a208322
040 _cCHAP
090 _aPA TESIS 2267
100 _aMartínez Tapia, Antonio
_972547
245 _aEfectividad biológica de Actinovate (Streptomyces Lydicus) Contra Mildiú Pseudoperonospora cubensis (Berk. & M.A. Curtis) Rostovzev en calabacita (Cucurbita pepo L.) en Cuautla, Morelos /
_c Antonio Martínez Tapia
260 _aChapingo, Méx. :
_b el autor
300 _a42 h.
502 _aTesis (Ing. Agr. Esp. en Parasitología Agrícola) -- UACh. Departamento Parasitología Agrícola
650 _aCalabaza
_x enfermedades
_917269
650 _aFungicidas
_x análisis
_944045
650 _aMildiú
_x enfermedades
_9174646
710 _aUACh. Departamento Parasitología Agrícola
_9164025
901 _aPA TESIS 2267
902 _aM
905 _a5202202010 8000000000 00
910 _a2010
942 _cPARA
942 _cPARA
_d2
999 _c208322
_d208322